Disney Fantasia Pieces - Picture Click Quiz - Statistics

General Stats
  • This quiz has been taken 92 times
  • The average score is 5 of 9
Answer Stats
Hint Answer % Correct
The Sorcerer's Apprentice
by Paul Dukas
93%
Night on Bald Mountain
by Modest Mussorgsky
72%
Dance of the Hours
by Amilcare Ponchielli
51%
The Nutcracker Suite
by Pyotr Ilyich Tchaikovsky
50%
Meet the Soundtrack
Intermission
44%
Ave Maria
by Franz Schubert
44%
The Pastoral Symphony
by Ludwig van Beethoven
42%
Toccata and Fugue in D Minor
by Johann Sebastian Bach
36%
The Rite of Spring
by Igor Stravinsky
26%
No matching quizzes found
Score Distribution
Percent of People with Each Score
Percentile by Number Answered
Your Score History
You have not taken this quiz